Color Atlas of Human Oral Histology / (Record no. 40405)

MARC details
000 -LEADER
fixed length control field 00579pam a2200217 a 4500
020 ## - INTERNATIONAL STANDARD BOOK NUMBER
Terms of availability
040 ## - CATALOGING SOURCE
Original cataloging agency Dental College Lib
041 ## - LANGUAGE CODE
Language code of text/sound track or separate title eng
Language code of original
082 ## - DEWEY DECIMAL CLASSIFICATION NUMBER
Classification number 611.018
Item number KIT
100 ## - MAIN ENTRY--PERSONAL NAME
Personal name Kitamura, Hironori.
245 ## - TITLE STATEMENT
Title Color Atlas of Human Oral Histology /
Statement of responsibility, etc. .
Medium Textual Documents
250 ## - EDITION STATEMENT
Edition statement 1st ed /
Remainder of edition statement .
260 ## - PUBLICATION, DISTRIBUTION, ETC.
Place of publication, distribution, etc. Missouri :
Name of publisher, distributor, etc. Ishiyaku Euro America, Inc. ,
Date of publication, distribution, etc. 1999.
300 ## - PHYSICAL DESCRIPTION
Extent 362 ;
Dimensions .
365 ## - TRADE PRICE
Price type code 495.00
653 ## - INDEX TERM--UNCONTROLLED
Uncontrolled term Histology
700 ## - ADDED ENTRY--PERSONAL NAME
Personal name oda, Masatoyo.
-- Hess, John A.
930 ## - EQUIVALENCE OR CROSS-REFERENCE-UNIFORM TITLE HEADING [LOCAL, CANADA]
Uniform title 1002
Holdings
Withdrawn status Lost status Damaged status Not for loan Home library Current library Date acquired Cost, normal purchase price Total Checkouts Full call number Barcode Date last seen Copy number Price effective from Koha item type
        Dental College & Hospital, Pune Dental College & Hospital, Pune 01/01/1900 495.00   611.018 KIT DCP-1322 24/02/2023 1 24/02/2023 Book